Kara koltuk (Record no. 3249)

MARC details
000 -BAŞLIK
Sabit Uzunlukta Kontrol Alanı 00577na a2200217 4500
001 - KONTROL NUMARASI
Denetim Alanı 15861
003 - KONTROL NUMARASI IDENTIFIER
Denetim Alanı MIRAKIL
005 - SON İŞLEM TARİHİ VE ZAMANI
Denetim Alanı 20181213154925.0
008 - SABİT-BOY VERİ ELEMANLARI - GENEL BİLGİLER
Sabit Uzunlukta Kontrol Alanı 160925b tu 000 0
035 ## - SİSTEM KONTROL NUMARASI
Sistem Kontrol Numarası 15861
040 ## - KATALOGLAMA KAYNAK
Orijinal Kataloglama Ajansı Milas
Kataloglama Dili tur
Metne Dönüştürmek Ajansı TR-AnCHP
082 ## - DEWEY ONLU SINIFLANDIRMA NUMARASI
Sınıflandırma Numarası 089.9435
Ürün Numarası O38k 1994
090 ## - SINIFLAMA NUMARASI
Sınıflama Numarası 089.9435 O38k 1994
100 ## - ANA GİRİŞ - KİŞİSEL İSİM
Kişisel Ad Oğuztan, Ümit
245 ## - BAŞLIK TABLOSU
Başlık Kara koltuk
Başlığın Kalan Söyleşiler
Sorumluluk Tablosu, Vb Ümit Oğuztan
246 ## - UNVAN FORM VARYING
Başlık Doğru / Kısa Başlığı Söyleşiler
260 ## - YAYIN, DAĞITIM, VB
Yayın, Dağıtım, Vb Yeri İstanbul
Yayıncı, Dağıtıcı, Vs Adı Yunus Yayınları
Yayın, Dağıtım, Vb Tarihi 1994
300 ## - FİZİKSEL TANIM
Kapsam 346 s.
Boyutlar 20 sm.
650 ## - KONU KATMA GİRİŞ - TOPİKAL DÖNEM
Topikal Süreli Veya Coğrafi Ad Giriş Elemanı Türk edebiyatı
Genel Alt Bölümü Söyleşiler
942 ## - EKLENDİ GİRİŞ ELEMANLARI (KOHA)
Sınıflandırma Veya Raf Düzeni Kaynak Dewey Decimal Classification
Koha Öğesi Türü Books
999 ## - SİSTEM KONTROL NUMARALARI (KOHA)
Koha Biblionumber 3249
Koha Biblioitemnumber 3249
Holdings
Kalıcı Konum Mevcut Konum Edinme Tarihi Edinim Kaynak Toplam Check-Out'Lar Tam Çağrı Numarası Barkod Tarih Son Görülme İtibaren Geçerli Fiyatlar Koha Öğesi Türü
CHP Kütüphanesi CHP Kütüphanesi 09/25/2016 Bağış   089.9435 O38k 1994 004197 09/25/2016 09/25/2016 Books